1777 1200 1507 1367 1360 1157 1102 1383 1415 1369 1850 1809 1130 1729 1635 1975 1412 1974 1265 1126 1395 1309 1065 1932 1444 1818 1523 1169 1886 1905 1371 1932 1053 1704 1245 1945 1114 1137 1946 1660 1369 1683 1103 1546 1752 1509 1330 1908 1346 1702 1441 1231 1900 1735 1437 1235 1872 1699 1771 1964 1695 1646 1915 1408 1164 1852 1757 1160 1452 1502 1289 1696 1655 1135 1638 1949 1572 1357 1148 1746 1876 1918 1681 1289 1973 1021 1528 1421 1111 1609 1655 1081 1153 1712 1204 1614 1055 1714 1609 BCNSPRNW ULIB Ver.6.0+V

เปลี่ยนเป็นภาษาไทย

Change to English
 แสดงรายละเอียดบรรณานุกรม
  กลับหน้าหลัก

Brief Record : Get Marc (ISO 2709) : E-mail record : QR code < ปิดหน้าต่าง
LEADER : 00000nam 2200000uu 4500
001    13399109086
003     ULIB
008    110321s2546||||th 000 0 tha d
020    9745708615
060  4 WY18^bก426อ 2546
100 0  กาญจนา สันติพัฒนาชัย
245 00 อดีตสู่ปัจจุบัน/^cกาญจนา สันติพัฒนาชัย
250    พิมพ์ครั้งที่ 1
260    กรุงเทพฯ:^bโครงการสวัสดิการวิชาการ สถาบันพระบรมราชนก,^c2546
300    99 หน้า :^bภาพประกอบสี
650  7 พยาบาล^xการศึกษา
710 1  สถาบันพระบรมราชนก^bโครงการสวัสดิการวิชาการ
945    ^p0^l0^i015764
945    ^p0^l0^i015761
945    ^p0^l0^i015758
945    ^p0^l0^i015759
945    ^p0^l0^i015756
945    ^p0^l0^i015754
945    ^p0^l0^i015763
945    ^p0^l0^i015760
945    ^p0^l0^i015757
945    ^p0^l0^i015755
995    ทศพร
999 ^a ใช้งานได้ทุกระบบ
รายการนี้ยังไม่มีแท็ก
คุณยังไม่ได้ล็อกอิน คุณสามารถมีกิจกรรมร่วมกับเว็บไซต์ได้ แต่ต้องล็อกอินก่อน ::
  ล็อกอิน

รายการสื่อสารสนเทศ

ลำดับที่ ประเภท เลขเรียก/บาร์โค้ด สถานที่ สถานะ
- ไม่พบข้อมูล -

รายการใกล้เคียง
    ผู้แต่ง [กาญจนา สันติพัฒนาชัย]

BibComment


ยังไม่เคยถูกคอมเมนท์

คอมเมนท์ทรัพยากรรายการนี้
  คอมเมนท์: อดีตสู่ปัจจุบัน ก..


 Copyright 2026. Bcnsprnw @Library